| 000 | 00962nam0a22002651 4500 | ||
|---|---|---|---|
| 001 | v19\rc\1850585 | ||
| 005 | 20250619175319.0 | ||
| 035 | _a(NLR Aleph) 004986353 | ||
| 090 |
_a6238630 _c6238630 |
||
| 100 | _a20080221d1909 |||y0rusy50 ca | ||
| 101 | 0 | _arus | |
| 102 | _aRU | ||
| 105 | _aa z |||a| | ||
| 200 | 1 |
_aМалые детки - малые бедки _eРассказы для малюток Софии Дестунис _fС 12 ил. Ф. Липпса |
|
| 205 | _a2-е изд. | ||
| 210 |
_aСанкт-Петербург _aМосква _cт-во М.О. Вольф _d[1909] _eСанкт-Петербург |
||
| 215 |
_a[2], 55 с., 1 л. фронт. (ил.) _cил. _d20 |
||
| 700 | 1 |
_6z01790 _aДестунис _bС.А. _gСофья А. |
|
| 702 | 1 |
_aЛиппс _bФ. _4440 |
|
| 790 | 1 |
_6z01700 _aДестунис _bС. _gСофия |
|
| 801 | 0 |
_aRU _bNLR _gpsbo |
|
| 801 | 1 |
_aRU _bProSoft-M _2rusmarc |
|
| 852 |
_aNLR _j18.275.5.193 |
||
| 942 | _cBOOK | ||
| 980 | _aNB | ||